Načítá se...

UGC NET/JRF/SLET teaching/research aptitude /

Podrobná bibliografie
Další autoři: Lal
Médium: Printed Book
Jazyk:English
Vydáno: Agra: Upkar prakasan, 2004.
Témata:
LEADER 01396cam a2200229ua 4500
008 090121t2004||||||||||| 00 ||eng c
041 0 |a eng 
082 |a 378.007 6  |b LAL/U 
245 0 0 |a UGC NET/JRF/SLET teaching/research aptitude /  
260 |a Agra:  |b Upkar prakasan,  |c 2004. 
362 1 |a 2004. 
365 |a Rs.140/-  |e pb 
650 0 |a UGC-General paper 
700 0 2 |a Lal,  
942 |c REF 
999 |c 19878  |d 19878 
952 |0 0  |1 0  |4 0  |6 378_007000000000000_6_LALU  |7 0  |8 Reference  |9 20859  |a KUCL  |b KUCL  |c Reference  |d 2014-05-23  |g 215.00  |l 0  |o 378.007 6 LAL/U  |p G0294  |r 2014-05-23  |y REF 
952 |0 0  |1 0  |4 0  |6 378_007000000000000_6_LALU  |7 0  |8 Reference  |9 20860  |a KUCL  |b KUCL  |c Reference  |d 2014-05-23  |g 215.00  |l 0  |o 378.007 6 LAL/U  |p G0295  |r 2017-03-09  |y REF 
952 |0 0  |1 0  |4 0  |6 378_007000000000000_6_LALU  |7 0  |8 Reference  |9 44422  |a KUCL  |b KUCL  |c Reference  |d 2016-08-05  |g 215.00  |l 0  |o 378.007 6 LAL/U  |p 42458  |r 2017-03-09  |w 2016-08-05  |y REF 
952 |0 0  |1 0  |4 0  |6 378_007000000000000_6_LALU  |7 0  |8 Reference  |9 44473  |a KUCL  |b KUCL  |c Reference  |d 2016-08-09  |g 215.00  |l 0  |o 378.007 6 LAL/U  |p 42477  |r 2017-03-09  |w 2016-08-09  |y REF 
952 |0 0  |1 0  |4 0  |6 378_007000000000000_6_LALU  |7 0  |8 Stack  |9 44474  |a KUCL  |b KUCL  |c Stack  |d 2016-08-09  |g 215.00  |l 0  |o 378.007 6 LAL/U  |p 42478  |r 2017-03-09  |w 2016-08-09  |y REF 
952 |0 0  |1 0  |4 0  |6 378_007000000000000_6_LALU  |7 0  |8 Reference  |9 44605  |a KUCL  |b KUCL  |c Reference  |d 2016-08-11  |g 215.00  |l 0  |o 378.007 6 LAL/U  |p 42600  |r 2017-03-09  |w 2016-08-11  |y REF